Survey Methods in Social Investigation (Record no. 3074)

MARC details
000 -LEADER
fixed length control field 00544nam a2200205 4500
003 - CONTROL NUMBER IDENTIFIER
control field OSt
005 - DATE AND TIME OF LATEST TRANSACTION
control field 20210330124955.0
008 - FIXED-LENGTH DATA ELEMENTS--GENERAL INFORMATION
fixed length control field 160225b xxu||||| |||| 00| 0 eng d
020 ## - INTERNATIONAL STANDARD BOOK NUMBER
International Standard Book Number 1855214725
040 ## - CATALOGING SOURCE
Transcribing agency 040a
082 ## - DEWEY DECIMAL CLASSIFICATION NUMBER
Classification number 300 M85 1971
100 ## - MAIN ENTRY--PERSONAL NAME
Personal name Moser, Sir Claus; Kalton, Graham
9 (RLIN) 6828
245 ## - TITLE STATEMENT
Title Survey Methods in Social Investigation
250 ## - EDITION STATEMENT
Edition statement 2nd.ed
260 ## - PUBLICATION, DISTRIBUTION, ETC. (IMPRINT)
Place of publication, distribution, etc. Aldershot;
Name of publisher, distributor, etc. Ashgate,
Date of publication, distribution, etc. 1971
300 ## - PHYSICAL DESCRIPTION
Extent xvii, 555p;
Other physical details ill :
Dimensions 8 cm.
504 ## - BIBLIOGRAPHY, ETC. NOTE
Bibliography, etc includes index
650 ## - SUBJECT ADDED ENTRY--TOPICAL TERM
Topical term or geographic name as entry element Research Methods
9 (RLIN) 2296
942 ## - ADDED ENTRY ELEMENTS (KOHA)
Source of classification or shelving scheme Dewey Decimal Classification
Koha item type Short Loan
Holdings
Withdrawn status Lost status Source of classification or shelving scheme Damaged status Not for loan Home library Current library Date acquired Source of acquisition Inventory number Total Checkouts Full call number Barcode Date last seen Koha item type
    Dewey Decimal Classification     MUST Main Library MUST Main Library 25/02/2016 Purchase 02/16840   300 M85 1971 2016-0217 25/02/2016 Short Loan
    Dewey Decimal Classification     MUST Main Library MUST Main Library 29/02/2016 Purchase 02/16839   300 M85 1971 2016-0250 29/02/2016 Short Loan